Multiple adjudications (Record no. 76700)
[ view plain ]
| 000 -LEADER | |
|---|---|
| fixed length control field | 01044cab a2200193 4500 |
| 001 - CONTROL NUMBER | |
| control field | ##L132933 |
| 008 - FIXED-LENGTH DATA ELEMENTS--GENERAL INFORMATION | |
| fixed length control field | 060323n2006 000 0 eng u |
| 035 ## - SYSTEM CONTROL NUMBER | |
| System control number | (Sirsi) u132933 |
| 041 0# - LANGUAGE CODE | |
| Language code of text/sound track or separate title | eng |
| 100 1# - MAIN ENTRY--PERSONAL NAME | |
| Personal name | Phillippo, Peter |
| 245 00 - TITLE STATEMENT | |
| Title | Multiple adjudications |
| 260 ## - PUBLICATION, DISTRIBUTION, ETC. | |
| Date of publication, distribution, etc. | 2006 |
| 490 #0 - SERIES STATEMENT | |
| Series statement | Contract Journal |
| Volume/sequential designation | 432(6567) 22 March 2006, 26(1) |
| 520 ## - SUMMARY, ETC. | |
| Summary, etc. | Reports the facts of, and comments upon, "Quietfield Ltd v Vascroft Ltd" ([2006] EWHC 174 TCC, L132952), where it was decided that a contractor, in adjudication proceedings may rely, by way of defence for a claim for damages, upon an alleged entitlement to an extension of time, regardless of whether that entitlement has been notified to the referring party. A contractor cannot, however, rely upon an alleged entitlement which has been considered and rejected in previous adjudication proceedings. |
| 590 ## - LOCAL NOTE (RLIN) | |
| Local note | IKA280306 |
| 650 24 - SUBJECT ADDED ENTRY--TOPICAL TERM | |
| Topical term or geographic name entry element | QUIETFIELD LTD V VASCROFT CONTRACTORS LTD |
| 690 ## - LOCAL SUBJECT ADDED ENTRY--TOPICAL TERM (OCLC, RLIN) | |
| Topical term or geographic name as entry element | MANAGEMENT AND RESOLUTION-ALTERNATIVE DISPUTE RESOLUTION-ADJUDICATION |
| 942 ## - ADDED ENTRY ELEMENTS (KOHA) | |
| Suppress in OPAC | 0 |
| Withdrawn status | Lost status | Source of classification or shelving scheme | Damaged status | Not for loan | Home library | Current library | Shelving location | Date acquired | Total Checkouts | Full call number | Barcode | Date last seen | Copy number | Price effective from | Koha item type |
|---|---|---|---|---|---|---|---|---|---|---|---|---|---|---|---|
| Dewey Decimal Classification | London | London | Journal article | 23/03/2006 | L132933 | 132933-1001 | 06/08/2019 | 1 | 06/08/2019 | Journal article |